000
00263nam a2200133Ia 4500
100
_a
Colvin & Hass
942
_c
BK
654
_a
Fixtures
245
_a
Jigs & Fixtures
260
_b
Mc Graw Hill
_c
2001
082
_a
621.9
300
_a
410
546
_a
ENGLISH
999
_c
32694
_d
32694